000 004750000a22001930004500
003 LK-CoMWRAF
005 20231018115923.0
008 230817t ||||| |||| 00| 0 eng d
020 _a8171676766
040 _aLK-CoMWRAF
_dLK-CoMWRAF
_eLK-CoMWRAF
041 _aeng
082 _a891.44
_bTAG
100 _aTagore, Rabindranath
245 _aGitanjali
260 _bRupa & Company
_aNew Delhi (India)
_c2002
300 _ap.101
650 _aBengali poetry
942 _cBK
999 _c1399
_d1399